000 01778nam a22004817a 4500
001 000095750
003 CHAP
005 20220329143123.0
008 060522d2005 mx d r 00110 spa d
010 _a92216
011 _a93188
035 _a103760
040 _cCHAP
090 _aTesis
100 1 _aCabrera Tapia, Carlos Federico José.
_916700
245 1 0 _aPobreza femenina y búsqueda del bienestar en un contexto rural-urbano /
_c/por Carlos Federico José Cabrera Tapia.
260 _aChapingo, Méx. :
_bEl autor,
_c2005.
300 _a218 h. :
_bgráfs. ; cuadros.
502 _aTesis (M. C. en Desarrollo Rural Regional) -- UACH. Centro Regional Universitario Centro Occidente
590 _aALEPH
_b10
_c20130110
_lUCH01
_h1511
590 _aBATCH-UPD
_b10
_c20130110
_lUCH01
_h0820
590 _aBATCH-UPD
_b10
_c20130410
_lUCH01
_h0458
590 _aBATCH-UPD
_b10
_c20130914
_lUCH01
_h0626
590 _aBATCH-UPD
_b10
_c20140324
_lUCH01
_h1457
590 _aBATCH-UPD
_b10
_c20141002
_lUCH01
_h0830
590 _aBATCH
_b00
_c20181121
_lUCH01
_h0759
590 _aCONVERSION
_b10
_c20130109
_lUCH01
_h1351
590 _aE11695DGD
_b10
_c20130604
_lUCH01
_h1501
650 1 4 _aBienestar social.
_912635
650 1 4 _aCostos y nivel de vida.
_928518
650 1 4 _aMujer en comunidades rurales.
_979360
650 1 4 _aPobreza.
_989463
650 1 4 _aTrabajo de la mujer.
_9114490
650 1 4 _aUrbanismo.
_9116824
856 _3Finding aid
_uhttp://10.13.5.2/tesis/103760.pdf
_zTeclea aquí
856 _a1
_n0001115
901 _aBK
905 _aMarco A. Mendoza T.
942 _cCD
942 _n0
949 _aTesis
_bBC
_cTES
_d00000001037601
_eTS1
_gDonaciØn
_h45231
_i103760
_sb
949 _aTesis
_bBC
_cTES
_d33724000998985
_eTS2
_fc.2
_gDonaciØn
_h45232
_i103760
_sb
999 _c92216
_d92216